000 00259nam a22001097a 4500
008 240708b |||||||| |||| 00| 0 eng d
100 _aVimal, Mitra
_916602
245 _aKagar Aur Fislan
260 _aDelhi:
_bShabdkar;
_c1968.
300 _a158p.
942 _cBK
999 _c40440
_d40440